Statistics for NATO members

Click here to take the quiz!

General Stats

  • This quiz has been taken 10 times
  • The average score is 28 of 29

Answer Stats

Country % Correct
Albania
100%
Belgium
100%
United Kingdom
100%
Spain
100%
Slovenia
100%
Slovakia
100%
Romania
100%
Portugal
100%
Poland
100%
Norway
100%
the Netherlands
100%
Luxembourg
100%
Lithuania
100%
Latvia
100%
Italy
100%
Hungary
100%
Greece
100%
Germany
100%
Estonia
100%
Denmark
100%
Croatia
100%
Canada
100%
Bulgaria
100%
United States of America
100%
Iceland
88%
France
88%
Montenegro
75%
Czechia
75%
Turkey
75%

Score Distribution

Percentile by Number Answered

Percent of People with Each Score

Your Score History

You have not taken this quiz